[Event "Titled Tue 17th Jun Late"]
[Site "chess.com INT"]
[Date "2025.06.17"]
[Round "4"]
[White "Rodrigues, Leonardo De Miranda"]
[Black "Tinmaz, Kerem"]
[Result "1-0"]
[BlackTitle "FM"]
[WhiteElo "2111"]
[BlackElo "2013"]
[WhiteFideId "2108658"]
[BlackFideId "44559151"]
[EventDate "2025.06.17"]

1. c4 c5 2. Nc3 Nc6 3. Nf3 g6 4. d4 cxd4 5. Nxd4 Bg7 6. Nc2 d6 7. Bd2 Nf6 8. e4
O-O 9. Be2 Be6 10. O-O Rc8 11. h3 Nd7 12. b3 Nc5 13. Ne3 a6 14. Rc1 Qd7 15. Ned5
Bxd5 16. exd5 Nd4 17. Bg4 f5 18. Be2 Rce8 19. Re1 e5 20. dxe6 Rxe6 21. Be3 Nxe2+
22. Rxe2 Ne4 23. Nd5 Rfe8 24. c5 Rd8 25. cxd6 Rxd6 26. b4 Rxd5 27. Qb3 Kh8 28.
f3 Rd1+ 29. Re1 Rxe1+ 30. Rxe1 Nf6 31. Bb6 Re8 32. Rd1 Qc6 33. Bd4 Nh5 34. Qf7
Rf8 35. Qxf8# 1-0

[Event "Titled Tue 17th Jun Late"]
[Site "chess.com INT"]
[Date "2025.06.17"]
[Round "4"]
[White "Jasinski, Alexander"]
[Black "Romany, Joy"]
[Result "1-0"]
[BlackTitle "WIM"]
[WhiteElo "1989"]
[BlackElo "1960"]
[WhiteFideId "55627994"]
[BlackFideId "10656820"]
[EventDate "2025.06.17"]

1. e4 c5 2. Nf3 e6 3. g3 d5 4. exd5 Qxd5 5. Bg2 Nf6 6. O-O Qd8 7. d4 Nc6 8. Be3
cxd4 9. Nxd4 Nxd4 10. Bxd4 Be7 11. Nc3 O-O 12. Qd3 Qc7 13. Nb5 Qa5 14. c4 a6 15.
Nc3 Qc7 16. Rad1 Rd8 17. Qe2 Bd7 18. Be5 Qb6 19. b3 Bc6 20. Rxd8+ Rxd8 21. Bxc6
Qxc6 22. Bxf6 Bxf6 23. Ne4 Be7 24. Nc3 Bf6 25. Nd1 Qd7 26. Ne3 Qd2 27. Qf3 Qxa2
28. Qxb7 g6 29. c5 Bd4 30. c6 Bxe3 31. c7 Bxf2+ 32. Rxf2 Rd1+ 33. Kg2 1-0

[Event "Titled Tue 17th Jun Late"]
[Site "chess.com INT"]
[Date "2025.06.17"]
[Round "4"]
[White "Paravyan, David"]
[Black "Toktomushev, Teimur"]
[Result "1-0"]
[WhiteTitle "GM"]
[BlackTitle "FM"]
[WhiteElo "2589"]
[BlackElo "2390"]
[WhiteFideId "4194985"]
[BlackFideId "14176726"]
[EventDate "2025.06.17"]

1. d4 d5 2. c4 e6 3. Nc3 Nf6 4. cxd5 exd5 5. Bg5 Be7 6. e3 c6 7. Bd3 Nbd7 8.
Nge2 O-O 9. O-O Re8 10. a4 Nf8 11. a5 a6 12. Qb1 g6 13. b4 Ne6 14. Bh4 Ng7 15.
Na4 Bf5 16. Nc5 Rb8 17. Bg3 Bd6 18. Ra3 h5 19. h3 Bxd3 20. Rxd3 Nf5 21. Bxd6
Qxd6 22. Nc3 Kg7 23. Re1 Re7 24. Rd2 Rbe8 25. Rde2 Qc7 26. Qd3 Nd6 27. e4 dxe4
28. N3xe4 Ndxe4 29. Nxe4 Nxe4 30. Rxe4 Rxe4 31. Rxe4 Rxe4 32. Qxe4 Qd6 33. Qe5+
Qxe5 34. dxe5 Kf8 35. g4 hxg4 36. hxg4 Ke7 37. f4 Ke6 38. Kf2 1-0

[Event "Titled Tue 17th Jun Late"]
[Site "chess.com INT"]
[Date "2025.06.17"]
[Round "4"]
[White "Drygalov, Sergey"]
[Black "Manukyan, Sargis A."]
[Result "1-0"]
[WhiteTitle "GM"]
[BlackTitle "FM"]
[WhiteElo "2560"]
[BlackElo "2294"]
[WhiteFideId "24171743"]
[BlackFideId "13303970"]
[EventDate "2025.06.17"]

1. d4 d5 2. c4 e6 3. Nf3 Nf6 4. Nc3 Be7 5. Bf4 c5 6. cxd5 Nxd5 7. Nxd5 Qxd5 8.
e3 cxd4 9. Qxd4 O-O 10. Qxd5 exd5 11. Bd3 Nc6 12. O-O Bf6 13. Rab1 Bg4 14. a3
Rfd8 15. Nd2 d4 16. e4 Be5 17. g3 Bf6 18. f3 Bh3 19. Rfe1 g5 20. Bc7 Rd7 21. e5
Be7 22. Bd6 Bxd6 23. exd6 Rxd6 24. Ne4 Rh6 25. Nxg5 Bd7 26. h4 Re8 27. f4 f6 28.
Ne4 Kf8 29. Nd6 Rxe1+ 30. Rxe1 b6 31. Bf5 Bxf5 32. Nxf5 Rg6 33. Kf2 Rg8 34. Re6
Na5 35. Rxf6+ Ke8 36. Nxd4 Ke7 37. Rh6 Rd8 38. Nf5+ Kf8 39. Rxh7 Rd2+ 40. Kf3
Rxb2 41. g4 Rb3+ 42. Ke4 Rxa3 43. g5 Ra4+ 44. Kf3 Nb3 45. g6 1-0

[Event "Titled Tue 17th Jun Late"]
[Site "chess.com INT"]
[Date "2025.06.17"]
[Round "4"]
[White "Rasch, Holger"]
[Black "Ferreira, Vitor Hugo Vieira"]
[Result "0-1"]
[WhiteTitle "FM"]
[WhiteElo "2246"]
[BlackElo "2128"]
[WhiteFideId "4615670"]
[BlackFideId "2119765"]
[EventDate "2025.06.17"]

1. e4 c5 2. c3 Nf6 3. e5 Nd5 4. d4 cxd4 5. Nf3 e6 6. cxd4 d6 7. Bd3 Be7 8. a3
O-O 9. O-O Nc6 10. Qe2 Qb6 11. Rd1 dxe5 12. dxe5 Rd8 13. Nc3 Nxc3 14. bxc3 Bd7
15. Ng5 h6 16. Nxf7 Kxf7 17. Qh5+ Kg8 18. Bxh6 Be8 19. Qg4 Bf8 20. Qxe6+ Bf7 21.
Qf5 g6 22. Qg5 Bxh6 23. Qxh6 Nxe5 24. Be4 Rxd1+ 25. Rxd1 Rd8 26. Rxd8+ Qxd8 27.
h3 Qe7 28. Qf4 Kg7 29. a4 b6 30. g3 Qf6 31. Qe3 Be6 32. Kg2 Bf5 33. Bd5 Qd6 34.
Qd4 Qf6 35. g4 Bd7 36. f4 Nc6 37. Qe4 Ne7 38. c4 Bc6 39. Kf3 Bxd5 40. cxd5 Qd6
41. Qe5+ Qxe5 42. fxe5 Nxd5 43. Ke4 Nc3+ 0-1

[Event "Titled Tue 17th Jun Late"]
[Site "chess.com INT"]
[Date "2025.06.17"]
[Round "4"]
[White "Khlebovich, Alexander"]
[Black "Pranav, V"]
[Result "0-1"]
[WhiteTitle "IM"]
[BlackTitle "GM"]
[WhiteElo "2423"]
[BlackElo "2595"]
[WhiteFideId "4169123"]
[BlackFideId "25060783"]
[EventDate "2025.06.17"]

1. d4 Nf6 2. c4 e6 3. Nf3 Bb4+ 4. Nbd2 b6 5. g3 Bb7 6. Bg2 O-O 7. O-O Bxd2 8.
Bxd2 d6 9. Rc1 Nbd7 10. b4 h6 11. Qb3 Ne4 12. Be3 f5 13. Rfd1 a5 14. d5 axb4 15.
dxe6 Ndc5 16. Qxb4 Rxa2 17. Nd4 Qe7 18. Ra1 Rxa1 19. Rxa1 Nxe6 20. Nxe6 Qxe6 21.
Ra7 Qc8 22. Qb2 Rf7 23. Bd4 Kh7 24. Qa1 Bc6 25. Bxb6 Kg6 26. Bd4 Qe8 27. e3 Ng5
28. f4 Bxg2 29. fxg5 Bc6 30. gxh6 Qe4 31. Qf1 gxh6 32. Kf2 f4 33. gxf4 Rxf4+ 34.
exf4 Qxd4+ 35. Kg3 Qxa7 36. Qd3+ Kg7 37. Qc3+ Kg8 38. Qd3 Qg1+ 39. Kh4 Qxh2+ 40.
Kg4 Qg2+ 41. Kf5 Kf7 0-1

[Event "Titled Tue 17th Jun Late"]
[Site "chess.com INT"]
[Date "2025.06.17"]
[Round "4"]
[White "Jakubowski, Krzysztof"]
[Black "Distaso, Antonio Pio"]
[Result "1-0"]
[WhiteTitle "GM"]
[WhiteElo "2448"]
[BlackElo "2253"]
[WhiteFideId "1112848"]
[BlackFideId "805548"]
[EventDate "2025.06.17"]

1. e4 c5 2. Nf3 e6 3. d4 cxd4 4. Nxd4 Nc6 5. Nc3 Qc7 6. Be3 a6 7. Qf3 Nf6 8.
O-O-O Ne5 9. Qg3 b5 10. f4 Neg4 11. Bg1 h5 12. Bd3 Bb7 13. e5 b4 14. Na4 Nd5 15.
h3 Nh6 16. Kb1 g6 17. Qf2 Rc8 18. Bh2 Nf5 19. Bxf5 gxf5 20. Bg3 Bc6 21. Nxc6
Qxc6 22. b3 Nc3+ 23. Nxc3 bxc3 24. Bh4 Rg8 25. g3 Bc5 26. Qe2 Rc7 27. Rhf1 Qb6
28. Qxh5 Qa5 29. Rf3 Bf8 30. Rdd3 1-0

[Event "Titled Tue 17th Jun Late"]
[Site "chess.com INT"]
[Date "2025.06.17"]
[Round "4"]
[White "Baches Garcia, Guillermo"]
[Black "Al Busaidi, Hamood"]
[Result "1-0"]
[WhiteTitle "IM"]
[BlackTitle "CM"]
[WhiteElo "2305"]
[BlackElo "2028"]
[WhiteFideId "2209764"]
[BlackFideId "22006230"]
[EventDate "2025.06.17"]

1. Nf3 Nf6 2. d4 d5 3. c4 e6 4. g3 dxc4 5. Bg2 Be7 6. O-O O-O 7. Qc2 a6 8. a4 c5
9. dxc5 Bxc5 10. Nbd2 Nc6 11. Nxc4 h6 12. Be3 Bxe3 13. Nxe3 Qe7 14. Nc4 Rb8 15.
Nb6 Qb4 16. Nxc8 Rfxc8 17. Rfc1 Rd8 18. Qc3 Qb6 19. a5 Qc7 20. b4 Qe7 21. Rab1
Nd5 22. Qc5 Qxc5 23. bxc5 Nxa5 24. Ne5 Nc6 25. Nxc6 bxc6 26. Ra1 Rb2 27. Rxa6
Rxe2 28. Rxc6 Nb4 29. Rb6 Nd3 30. Rd1 Rd4 31. c6 Rc2 32. Rb3 Rc1 33. Rxc1 Nxc1
34. Rb8+ Kh7 35. c7 Rd1+ 36. Bf1 Ne2+ 37. Kg2 Nd4 38. c8=Q 1-0

[Event "Titled Tue 17th Jun Late"]
[Site "chess.com INT"]
[Date "2025.06.17"]
[Round "4"]
[White "Sitbon, Itay"]
[Black "Ozen, Batuhan"]
[Result "0-1"]
[BlackTitle "CM"]
[WhiteElo "2206"]
[BlackElo "2128"]
[WhiteFideId "2820706"]
[BlackFideId "6345123"]
[EventDate "2025.06.17"]

1. e4 c5 2. d4 cxd4 3. c3 d3 4. Nf3 Nc6 5. Bxd3 g6 6. O-O Bg7 7. e5 Nxe5 8. Nxe5
Bxe5 9. Re1 Bg7 10. Nd2 Nf6 11. Nf3 O-O 12. Bg5 d5 13. Qd2 e6 14. Rad1 Qc7 15.
Ne5 Ne4 16. Bxe4 Bxe5 17. Bb1 Bxh2+ 18. Kh1 Be5 19. Rxe5 Qxe5 20. Re1 Qh8 21.
Qf4 f6 22. Bh6 Re8 23. Qc7 f5 24. Bc2 Qf6 25. Ba4 Rd8 26. f4 Qh4+ 27. Kg1 Qxe1+
28. Kh2 Qh4+ 29. Kg1 Qxh6 30. Qxd8+ Qf8 31. Qc7 a6 32. c4 dxc4 33. Bd1 a5 34.
Be2 Ra6 35. Bxc4 Rc6 0-1

[Event "Titled Tue 17th Jun Late"]
[Site "chess.com INT"]
[Date "2025.06.17"]
[Round "4"]
[White "El Jawich, Amro"]
[Black "Fathy, Elameir"]
[Result "0-1"]
[WhiteTitle "FM"]
[BlackTitle "FM"]
[WhiteElo "2307"]
[BlackElo "2300"]
[WhiteFideId "5300380"]
[BlackFideId "10600396"]
[EventDate "2025.06.17"]

1. g3 d5 2. Bg2 Nf6 3. Nf3 Bg4 4. h3 Bxf3 5. Bxf3 e5 6. d3 Be7 7. c4 Nc6 8. cxd5
Nxd5 9. Nc3 Nb6 10. O-O O-O 11. a3 Qc8 12. Kg2 Nd4 13. Nd5 Nxd5 14. Bxd5 c6 15.
Ba2 Qd7 16. Be3 Rad8 17. Qa4 a6 18. Rae1 Kh8 19. Bc1 f5 20. e3 Ne6 21. Bxe6 Qxe6
22. Qc4 Qxc4 23. dxc4 e4 24. Rd1 Bf6 25. Rfe1 Kg8 26. Kf1 Kf7 27. Ke2 Ke6 28. b3
Bc3 29. Rxd8 Rxd8 30. Rd1 Rxd1 31. Kxd1 g5 32. g4 Kf6 33. Ke2 Kg6 34. f3 exf3+
35. Kxf3 fxg4+ 36. hxg4 h5 37. gxh5+ Kxh5 38. e4 Kh4 39. Be3 Be5 40. Bf2+ Kh3
41. Be3 g4+ 42. Kf2 Kh2 43. Kf1 g3 44. Bg1+ Kh1 45. b4 g2+ 46. Kf2 Bd4+ 0-1

[Event "Titled Tue 17th Jun Late"]
[Site "chess.com INT"]
[Date "2025.06.17"]
[Round "4"]
[White "Rosen, Eric"]
[Black "Cevizci, Yusuf Baran"]
[Result "1-0"]
[WhiteTitle "IM"]
[BlackTitle "CM"]
[WhiteElo "2377"]
[BlackElo "2062"]
[WhiteFideId "2032562"]
[BlackFideId "34565400"]
[EventDate "2025.06.17"]

1. d4 d5 2. Bf4 Nf6 3. Nf3 c5 4. e3 Nc6 5. Nbd2 cxd4 6. exd4 g6 7. h3 Bg7 8. c3
O-O 9. Be2 a6 10. a4 Re8 11. O-O Nh5 12. Bh2 Bh6 13. Re1 Nf4 14. Bf1 f6 15. Bxf4
Bxf4 16. g3 Bh6 17. Bg2 Qd6 18. Qb3 Kg7 19. Rad1 Na5 20. Qa2 b5 21. axb5 axb5
22. b4 Bxh3 23. bxa5 Bd7 24. Nb3 b4 25. cxb4 Qxb4 26. Rb1 Qc4 27. Qa3 Bg4 28.
Rxe7+ Kg8 29. Qd6 Rxe7 30. Qxe7 Qd3 31. Nbd2 Bc8 32. Ne5 fxe5 33. Bxd5+ Kh8 34.
Qf6+ Bg7 35. Qd8+ Bf8 36. Qxf8# 1-0

[Event "Titled Tue 17th Jun Late"]
[Site "chess.com INT"]
[Date "2025.06.17"]
[Round "4"]
[White "Goodrich, Elliott"]
[Black "Barp, Alberto"]
[Result "0-1"]
[BlackTitle "IM"]
[WhiteElo "2019"]
[BlackElo "2414"]
[WhiteFideId "39902064"]
[BlackFideId "872555"]
[EventDate "2025.06.17"]

1. e4 e5 2. Nf3 Nc6 3. Bc4 Bc5 4. c3 Nf6 5. d4 exd4 6. e5 d5 7. Bb5 Ne4 8. cxd4
Bb6 9. Nc3 O-O 10. Be3 f5 11. exf6 Nxc3 12. bxc3 Qxf6 13. Bxc6 bxc6 14. Ne5 Ba6
15. a4 Ba5 16. Rc1 Rae8 17. Qg4 c5 18. Qd7 Rd8 19. Qc6 cxd4 20. Bxd4 Rfe8 21. f4
Re6 22. Qc5 Bb6 23. Qb4 Qxf4 24. Kd1 c5 25. Bxc5 Qxe5 26. Kc2 Qe2+ 27. Kb1 Bxc5
28. Qb2 Rb6 0-1

[Event "Titled Tue 17th Jun Late"]
[Site "chess.com INT"]
[Date "2025.06.17"]
[Round "4"]
[White "Bardyk, Artem"]
[Black "Novosel, Lovro"]
[Result "1-0"]
[WhiteTitle "FM"]
[BlackTitle "FM"]
[WhiteElo "2260"]
[BlackElo "2338"]
[WhiteFideId "34349979"]
[BlackFideId "14547120"]
[EventDate "2025.06.17"]

1. e4 g6 2. d4 Bg7 3. Nc3 c6 4. h4 d5 5. e5 h5 6. Nf3 Nh6 7. Ng5 Bf5 8. Bd3 e6
9. Ne2 Bxd3 10. Qxd3 Nf5 11. Ng3 Nxg3 12. fxg3 Nd7 13. O-O O-O 14. Rxf7 Rxf7 15.
Qxg6 Qe7 16. Qh7+ Kf8 17. Be3 Rf5 18. Qxh5 c5 19. g4 cxd4 20. gxf5 dxe3 21. fxe6
e2 22. exd7 Bxe5 23. Qh6+ Kg8 24. Qg6+ Bg7 25. Qe6+ Qxe6 26. Nxe6 Bxb2 27. Re1
Bf6 28. Rxe2 Kf7 29. g3 Rg8 30. Kf2 1-0

[Event "Titled Tue 17th Jun Late"]
[Site "chess.com INT"]
[Date "2025.06.17"]
[Round "4"]
[White "Shermuhammadov, Samandar"]
[Black "Amar, Elham"]
[Result "0-1"]
[WhiteTitle "FM"]
[BlackTitle "GM"]
[WhiteElo "2110"]
[BlackElo "2589"]
[WhiteFideId "14205602"]
[BlackFideId "1533533"]
[EventDate "2025.06.17"]

1. e4 c6 2. Nf3 d5 3. d3 g6 4. e5 Bg7 5. d4 Bg4 6. h3 Bxf3 7. Qxf3 e6 8. h4 h5
9. Bg5 Qb6 10. Qc3 Bh6 11. Nd2 Nd7 12. Nb3 Ne7 13. Bd3 Bxg5 14. hxg5 O-O-O 15.
a4 Kb8 16. a5 Qc7 17. Nc5 Nxc5 18. Qxc5 Nf5 19. Bxf5 gxf5 20. f4 a6 21. Rh3 Rh7
22. O-O-O Kc8 23. Rdh1 Rdh8 24. Rb3 Kb8 25. Rhh3 Ka8 26. Rb6 Rb8 27. Kd2 Rhh8
28. Ke2 Rbe8 29. Kf2 Qe7 30. Qc3 Rc8 31. Qb3 c5 32. Qa3 Qf8 33. Qd3 Rc7 34. c3
cxd4 35. Qxd4 Rc4 36. Qd2 Qc5+ 37. Kg3 Qxa5 38. Rd6 Qa4 39. Rd7 Qxd7 0-1

[Event "Titled Tue 17th Jun Late"]
[Site "chess.com INT"]
[Date "2025.06.17"]
[Round "4"]
[White "Roebers, Eline"]
[Black "Tang, Andrew"]
[Result "0-1"]
[WhiteTitle "IM"]
[BlackTitle "GM"]
[WhiteElo "2356"]
[BlackElo "2529"]
[WhiteFideId "1058401"]
[BlackFideId "2059630"]
[EventDate "2025.06.17"]

1. e4 e5 2. Nf3 Nc6 3. Nc3 Nf6 4. a3 g6 5. d4 exd4 6. Nxd4 Bg7 7. Bg5 h6 8. Bh4
g5 9. Nxc6 bxc6 10. Bg3 O-O 11. Qd3 Re8 12. O-O-O Rb8 13. f3 d5 14. h4 g4 15.
Bf2 Qe7 16. Re1 dxe4 17. fxe4 Be6 18. Na4 Red8 19. Qa6 Qd6 20. Bd3 Nd7 21. Be3
Nb6 22. Nxb6 axb6 23. Qa4 Ra8 24. Qb4 c5 25. Qd2 c4 26. Be2 c3 27. Qxd6 cxb2+
28. Kb1 Rxd6 29. Bf4 Rxa3 30. Bxd6 Ra1# 0-1

[Event "Titled Tue 17th Jun Late"]
[Site "chess.com INT"]
[Date "2025.06.17"]
[Round "4"]
[White "Atoyan, Alberto"]
[Black "Ersahin, Bulent"]
[Result "1-0"]
[WhiteTitle "CM"]
[BlackTitle "CM"]
[WhiteElo "2266"]
[BlackElo "2106"]
[WhiteFideId "13314831"]
[BlackFideId "6302670"]
[EventDate "2025.06.17"]

1. e4 c5 2. Nf3 d6 3. Bc4 e6 4. O-O a6 5. a4 Nf6 6. Re1 Be7 7. c3 O-O 8. Bf1 b6
9. d4 cxd4 10. cxd4 Bb7 11. Nc3 Nbd7 12. Bf4 Rc8 13. h3 h6 14. Bd3 Re8 15. Qe2
e5 16. dxe5 dxe5 17. Nxe5 Nxe5 18. Bxe5 Bb4 19. Bxf6 Qxf6 20. Bxa6 Bxa6 21. Qxa6
Rxc3 22. bxc3 Bxc3 23. Qb5 Re6 24. Rad1 Bxe1 25. Rxe1 Qd4 26. Re3 Re5 27. Qc6 g6
28. h4 Rc5 29. Qe8+ Kg7 30. Rf3 Qc4 31. Qe7 Rc6 32. Qe5+ Kh7 33. h5 gxh5 34.
Qxh5 1-0

[Event "Titled Tue 17th Jun Late"]
[Site "chess.com INT"]
[Date "2025.06.17"]
[Round "4"]
[White "Borges, Wagner da Silva"]
[Black "Unver, Cumayi"]
[Result "0-1"]
[WhiteTitle "CM"]
[WhiteElo "2062"]
[BlackElo "2012"]
[WhiteFideId "2100401"]
[BlackFideId "6304940"]
[EventDate "2025.06.17"]

1. Nf3 Nf6 2. g3 g6 3. Bg2 Bg7 4. d3 O-O 5. O-O a5 6. c4 Na6 7. Nc3 d6 8. h3 e5
9. Be3 h6 10. Qd2 Kh7 11. g4 Re8 12. g5 hxg5 13. Nxg5+ Kg8 14. Nd5 Nxd5 15. Bxd5
Rf8 16. f4 c6 17. Bg2 Nc7 18. fxe5 dxe5 19. Bc5 Ne6 20. Nxe6 Bxe6 21. Bxf8 Qxf8
22. Rab1 Qe7 23. a3 a4 24. b4 axb3 25. Rxb3 Rxa3 26. Rxa3 Qxa3 27. Rb1 Bc8 28.
Qg5 Qd6 29. Qe3 Bf6 30. c5 Qe7 31. Qe4 Kg7 32. e3 Bg5 0-1

[Event "Titled Tue 17th Jun Late"]
[Site "chess.com INT"]
[Date "2025.06.17"]
[Round "4"]
[White "Abdou Ahmed Alem"]
[Black "Damaraju, Ashwin"]
[Result "0-1"]
[WhiteTitle "CM"]
[WhiteElo "2002"]
[BlackElo "2084"]
[WhiteFideId "19603720"]
[BlackFideId "39908348"]
[EventDate "2025.06.17"]

1. d4 Nf6 2. Bf4 g6 3. e3 Bg7 4. Nf3 d6 5. h3 O-O 6. Be2 Nc6 7. O-O e5 8. Bh2
exd4 9. exd4 Bf5 10. c3 Re8 11. Nbd2 Ne4 12. a4 Qf6 13. Nxe4 Bxe4 14. Nd2 Bc2
15. Qxc2 Rxe2 16. Rae1 Rae8 17. Rxe2 Rxe2 18. Qd3 Qe7 19. d5 Nb8 20. Nc4 Nd7 21.
b4 Ra2 22. a5 Qe2 23. Qxe2 Rxe2 24. Rc1 Bh6 25. Kf1 Ra2 26. Ne3 Rb2 27. Rc2 Rb1+
28. Ke2 Nf6 29. f3 Bxe3 30. Kxe3 Nxd5+ 31. Kd4 Rd1+ 32. Kc4 Ne3+ 33. Kb3 Nxc2
34. Kxc2 Rf1 35. c4 Kf8 36. Kb3 Ke7 37. b5 Kd7 38. Kb4 a6 39. c5 dxc5+ 40. Kxc5
axb5 41. Kxb5 Rf2 0-1

[Event "Titled Tue 17th Jun Late"]
[Site "chess.com INT"]
[Date "2025.06.17"]
[Round "4"]
[White "Asish Panda"]
[Black "Borisov, Yuri"]
[Result "1-0"]
[BlackTitle "FM"]
[WhiteElo "1911"]
[BlackElo "2285"]
[WhiteFideId "45012458"]
[BlackFideId "1503928"]
[EventDate "2025.06.17"]

1. e4 e6 2. Nf3 d5 3. Nc3 d4 4. Ne2 c5 5. d3 Nc6 6. g3 g6 7. Bg2 Bg7 8. O-O Nge7
9. Ne1 e5 10. f4 f5 11. fxe5 Nxe5 12. Nf4 O-O 13. Qe2 Ng4 14. h3 Ne3 15. Bxe3
dxe3 16. c3 fxe4 17. dxe4 Qd2 18. Qxd2 exd2 19. Nf3 Nc6 20. Nxd2 Ne5 21. Rad1
Bd7 22. Nb3 Bb5 23. Rfe1 b6 24. Ne6 Nf3+ 25. Bxf3 Rxf3 26. Kg2 Rd3 27. Nf4 Rxd1
28. Rxd1 Re8 29. Kf3 Bc6 30. Nd5 Rf8+ 31. Ke3 Bh6+ 32. Ke2 Kg7 33. Nc7 Rc8 34.
Nd5 Re8 35. Kd3 Bb5+ 36. c4 Bc6 37. Re1 Rf8 38. Ke2 Re8 39. Nd2 b5 40. b3 a5 41.
Kd3 a4 42. e5 Bxd2 43. Kxd2 Bxd5 44. cxd5 Rd8 45. d6 Kf8 46. bxa4 bxa4 47. Kc3
Ke8 48. Kc4 Kd7 49. Kd5 Re8 50. e6+ 1-0

[Event "Titled Tue 17th Jun Late"]
[Site "chess.com INT"]
[Date "2025.06.17"]
[Round "4"]
[White "Paxtor Chiguichon, Rodolfo Enrique"]
[Black "Calvo Gonzalez, Jose Felix"]
[Result "0-1"]
[WhiteTitle "CM"]
[BlackTitle "CM"]
[WhiteElo "2009"]
[BlackElo "2168"]
[WhiteFideId "7307012"]
[BlackFideId "54505615"]
[EventDate "2025.06.17"]

1. e4 c5 2. c3 Nf6 3. e5 Nd5 4. d4 cxd4 5. cxd4 d6 6. Nf3 Nc6 7. Bc4 Nb6 8. Bb3
d5 9. h3 Bf5 10. Nc3 e6 11. O-O Be7 12. Ne2 O-O 13. g4 Bg6 14. Ng3 Rc8 15. a3
Be4 16. Be3 Bg6 17. Nh2 Na5 18. f4 Bh4 19. Bf2 Nxb3 20. Qxb3 Bxg3 21. Bxg3 Be4
22. Nf3 Nc4 23. Bh4 Qd7 24. Rfc1 Rc6 25. Ng5 Rfc8 26. Nxe4 dxe4 27. Bf2 Qd5 28.
Qxb7 e3 29. Be1 h5 30. Bc3 hxg4 31. hxg4 Qf3 32. Rf1 Qxg4+ 33. Kh2 Nd2 34. Rg1
Nf3+ 0-1

[Event "Titled Tue 17th Jun Late"]
[Site "chess.com INT"]
[Date "2025.06.17"]
[Round "4"]
[White "Yevchenko, Oleksandr"]
[Black "Kanakaris, Georgios"]
[Result "0-1"]
[WhiteTitle "CM"]
[BlackTitle "IM"]
[WhiteElo "2276"]
[BlackElo "2396"]
[WhiteFideId "14108267"]
[BlackFideId "4209460"]
[EventDate "2025.06.17"]

1. c4 e5 2. Nc3 Nc6 3. Nf3 Nf6 4. e3 Bb4 5. Qc2 O-O 6. Nd5 Re8 7. Ng5 g6 8.
Nxf6+ Qxf6 9. Ne4 Qe6 10. a3 Bf8 11. b4 f5 12. c5 Qe7 13. Bc4+ Kh8 14. Nc3 d6
15. Nd5 Qg7 16. cxd6 Bxd6 17. Bb2 Be6 18. O-O Rad8 19. f4 Bf8 20. e4 Nd4 21.
Bxd4 exd4 22. d3 fxe4 23. dxe4 d3 24. Qb3 Qd4+ 25. Kh1 c6 26. Rad1 cxd5 27. Rxd3
Qxc4 28. exd5 Qxb3 0-1

[Event "Titled Tue 17th Jun Late"]
[Site "chess.com INT"]
[Date "2025.06.17"]
[Round "4"]
[White "Avramidou, Anastasia"]
[Black "Hernandez Leon, Sergio"]
[Result "1-0"]
[WhiteTitle "FM"]
[BlackTitle "CM"]
[WhiteElo "2294"]
[BlackElo "2102"]
[WhiteFideId "4239873"]
[BlackFideId "2285622"]
[EventDate "2025.06.17"]

1. Nf3 d5 2. d4 e6 3. c4 c6 4. e3 f5 5. Be2 Nf6 6. O-O Bd6 7. b3 Qe7 8. a4 Na6
9. Ba3 Bxa3 10. Nxa3 Nb4 11. a5 Ne4 12. Nc2 Nc3 13. Qd2 Nxe2+ 14. Qxe2 Nxc2 15.
Qxc2 Bd7 16. Ne5 O-O 17. f4 Rfc8 18. b4 b5 19. axb6 axb6 20. c5 b5 21. Qc3 Be8
22. Ra3 Qb7 23. Rfa1 Kf8 24. R1a2 Rxa3 25. Qxa3 Ke7 26. Qa7 Rc7 27. Qxb7 Rxb7
28. Ra6 Rc7 29. Kf2 Bd7 30. Kf3 Kd8 31. Ra8+ Rc8 32. Ra7 Rc7 33. Ra6 Ke7 34. h3
g6 35. g4 Be8 36. Kg3 Kf8 37. Ra8 Ke7 38. Kh4 h6 39. Ra6 Kf6 40. Ra8 Ke7 41. Kg3
h5 42. Kh4 hxg4 43. hxg4 Bf7 44. Kg5 fxg4 45. Kxg4 Be8 46. Kg5 Bf7 47. Rh8 1-0

[Event "Titled Tue 17th Jun Late"]
[Site "chess.com INT"]
[Date "2025.06.17"]
[Round "4"]
[White "Jagirapu, Harshin Reddy"]
[Black "Bacus, Dharim"]
[Result "0-1"]
[BlackTitle "FM"]
[WhiteElo "2042"]
[BlackElo "2131"]
[WhiteFideId "39910679"]
[BlackFideId "5201527"]
[EventDate "2025.06.17"]

1. e4 e5 2. Nf3 Nc6 3. Bb5 Nf6 4. d3 d6 5. O-O Be7 6. c3 O-O 7. Nbd2 a6 8. Ba4
Ne8 9. d4 b5 10. Bb3 Kh8 11. Bd5 Bd7 12. dxe5 dxe5 13. Bxc6 Bxc6 14. Nxe5 Bb7
15. Ndf3 Bxe4 16. Nd4 Bd6 17. Qh5 g6 18. Qe2 Bd5 19. Bh6 Ng7 20. Nec6 Bxh2+ 21.
Kxh2 Qh4+ 22. Kg1 Qxh6 23. Qe5 Qh5 24. Qxc7 Rae8 25. Rfe1 Qg5 26. f3 Rxe1+ 27.
Rxe1 Ne6 28. Nxe6 Bxe6 29. Nd4 Bxa2 30. Qd6 Kg8 31. Qxa6 Qd2 32. Re2 Qc1+ 33.
Kf2 Bc4 34. Re5 Qxb2+ 35. Kg3 Qxc3 36. Qd6 Qd2 37. Nxb5 Qb2 38. Nd4 Bf1 39. Kf4
Qd2+ 40. Re3 Qxg2 41. Ke5 Qg3+ 0-1

[Event "Titled Tue 17th Jun Late"]
[Site "chess.com INT"]
[Date "2025.06.17"]
[Round "4"]
[White "Ady, Jonathan J."]
[Black "Ameir, Moheb"]
[Result "1-0"]
[WhiteTitle "FM"]
[BlackTitle "IM"]
[WhiteElo "2355"]
[BlackElo "2364"]
[WhiteFideId "6000240"]
[BlackFideId "10600620"]
[EventDate "2025.06.17"]

1. e4 e5 2. Nf3 Nc6 3. d4 exd4 4. Nxd4 Qf6 5. Nxc6 Bc5 6. Qf3 Qxf3 7. gxf3 dxc6
8. Bc4 Be6 9. Bxe6 fxe6 10. Nc3 Nf6 11. Be3 Bb4 12. Bd4 O-O 13. Ke2 Nh5 14. Ke3
Nf4 15. Rhg1 g6 16. Be5 Bc5+ 17. Bd4 Bxd4+ 18. Kxd4 Rf7 19. Ke3 Raf8 20. Rg3 Kg7
21. Rag1 Nh5 22. Rh3 Kh6 23. Ne2 c5 24. f4 Rd7 25. Rg5 Rdf7 26. Rxc5 c6 27. Re5
Kg7 28. Rxe6 Nxf4 29. Nxf4 Rxf4 30. Re7+ R4f7 31. Rxf7+ Rxf7 32. f4 Rd7 33. e5
Rd1 34. Rf3 Rb1 35. b3 Rb2 36. Rf2 Rxa2 37. Kd4 Ra5 38. c4 b6 39. f5 gxf5 40.
Rxf5 Ra3 41. e6 Ra1 42. e7 Re1 43. Re5 Rxe5 44. Kxe5 Kf7 45. Kd6 Ke8 46. Kxc6
Kxe7 47. Kb7 Kd6 48. Kxa7 Kc5 49. Kb7 b5 50. cxb5 Kxb5 51. Kc7 Kb4 52. Kd6 Kxb3
53. Ke6 h5 54. Kf5 Kc4 55. Kg5 Kd5 56. Kxh5 Ke6 57. Kg6 Ke7 58. Kg7 Ke6 59. h4
Ke5 60. h5 1-0